Tribhuvan University Central Library

Jerusalem: the biography (Record no. 99704)

MARC details
000 -LEADER
fixed length control field 00442nam a22001577a 4500
008 - FIXED-LENGTH DATA ELEMENTS--GENERAL INFORMATION
fixed length control field 210701b ||||| |||| 00| 0 eng d
020 ## - INTERNATIONAL STANDARD BOOK NUMBER
International Standard Book Number 9781780220253
082 ## - DEWEY DECIMAL CLASSIFICATION NUMBER
Classification number 956.9/M758j
100 ## - MAIN ENTRY--PERSONAL NAME
Personal name Montefiore, Simon Sebag
245 ## - TITLE STATEMENT
Title Jerusalem: the biography
260 ## - PUBLICATION, DISTRIBUTION, ETC.
Place of publication, distribution, etc. London:
Name of publisher, distributor, etc. Weidenfeld and Nicolson,
Date of publication, distribution, etc. 2012.
300 ## - PHYSICAL DESCRIPTION
Other physical details Xliv,720p. ; illus.
504 ## - BIBLIOGRAPHY, ETC. NOTE
Bibliography, etc. note Bibliography: p. 651-681.
650 ## - SUBJECT ADDED ENTRY--TOPICAL TERM
Topical term or geographic name entry element Jerusalem- History
942 ## - ADDED ENTRY ELEMENTS (KOHA)
Source of classification or shelving scheme Dewey Decimal Classification
Koha item type General Collections
Holdings
Withdrawn status Lost status Source of classification or shelving scheme Damaged status Not for loan Home library Current library Shelving location Date acquired Total Checkouts Full call number Barcode Date last seen Price effective from Koha item type
    Dewey Decimal Classification     Tribhuvan University Central Library Tribhuvan University Central Library New Building 07/01/2021   956.9/M758j 164794 07/01/2021 07/01/2021 General Collections
    Dewey Decimal Classification     Tribhuvan University Central Library Tribhuvan University Central Library New Building 07/01/2021   956.9/M758j 164795 07/01/2021 07/01/2021 General Collections